[Event "FRA-ch op-B"]
[Site "L'Alpe d'Huez"]
[Date "2023.08.23"]
[Round "5"]
[White "Petit, Eric Thierry"]
[Black "Lamarque, Damien"]
[Result "1-0"]
[WhiteElo "1915"]
[BlackElo "1899"]
[PlyCount "87"]
[EventDate "2023.08.19"]
[EventType "swiss"]
[EventRounds "9"]
[EventCountry "FRA"]
[SourceTitle "EXT 2024"]
[Source "ChessBase"]
[SourceDate "2023.10.10"]
[SourceVersion "1"]
[SourceVersionDate "2023.10.10"]
[SourceQuality "1"]

1. e4 c5 2. Nf3 d6 3. Bb5+ Bd7 4. Bxd7+ Qxd7 5. 0-0 Nc6 6. c3 Nf6 7. d4 cxd4 8. cxd4 Nxe4 9. d5 Nd8 10. Re1 Nf6 11. Bg5 e6 12. Bxf6 gxf6 13. Nh4 Rg8 14. Nc3 e5 15. Ne4 Be7 16. Qf3 Qg4 17. Qxg4 Rxg4 18. Nf5 Rf4 19. Nfxd6+ Bxd6 20. Nxd6+ Kd7 21. Ne4 f5 22. Nf6+ Ke7 23. Nh5 Rb4 24. Rxe5+ Kd6 25. Rxf5 Rxb2 26. g4 Rc8 27. Ng3 Rc4 28. Rg5 Rf4 29. Nf5+ Kd7 30. Re1 Kc7 31. Rc1+ Kb6 32. Rg8 Rfxf2 33. Ne3 Rxa2 34. Rxd8 Rxh2 35. d6 Rhe2 36. Re8 Kb5 37. d7 Rad2 38. d8Q Rxd8 39. Rxd8 Rxe3 40. Kf2 Rb3 41. Rd7 Ka5 42. Rxf7 b5 43. Rxa7+ Kb6 44. Rxh7 1-0

[Event "FRA-chT2 North 0607"]
[Site "France"]
[Date "2007.01.20"]
[Round "5.5"]
[White "Jeanne, Mickael"]
[Black "Petit, Eric Thierry"]
[Result "1-0"]
[WhiteElo "2159"]
[BlackElo "2119"]
[PlyCount "109"]
[EventDate "2006.10.15"]
[EventType "team"]
[EventRounds "11"]
[EventCountry "FRA"]
[SourceTitle "EXT 2008"]
[Source "ChessBase"]
[SourceDate "2007.11.25"]
[SourceVersion "1"]
[SourceVersionDate "2007.11.25"]
[SourceQuality "1"]
[WhiteTeam "Gonfreville II"]
[BlackTeam "Bois Colombes II"]
[WhiteTeamCountry "FRA"]
[BlackTeamCountry "FRA"]

1. Nf3 Nf6 2. c4 g6 3. Nc3 Bg7 4. e4 d6 5. d4 0-0 6. Be2 e5 7. 0-0 exd4 8. Nxd4 Re8 9. f3 Nh5 10. g4 Nf6 11. Bg5 h6 12. Be3 h5 13. h3 Nh7 14. f4 Nf6 15. Bf3 Nbd7 16. g5 Nxe4 17. Nxe4 Nc5 18. Nxc5 dxc5 19. Nc2 Qxd1 20. Bxd1 Bxh3 21. Rf3 Bg4 22. Rg3 Bf5 23. Bxc5 Rad8 24. Re3 Be4 25. Ba3 Rd3 26. Rxd3 Bxd3 27. Rc1 Bxc4 28. b3 Bd5 29. Kf2 Re4 30. Nb4 Bd4+ 31. Kg3 Be6 32. Bf3 Re3 33. Nc2 h4+ 34. Kf2 Rxb3+ 35. Nxd4 Rxa3 36. Nxe6 Rxa2+ 37. Kg1 fxe6 38. Bxb7 Ra4 39. Rf1 Rb4 40. Ba6 Kf7 41. Kg2 c5 42. Kh3 Ke7 43. Rf3 c4 44. Rc3 e5 45. fxe5 Ke6 46. Re3 c3 47. Bd3 Rb2 48. Bc4+ Kf5 49. e6 Kf4 50. e7 Kxe3 51. e8Q+ Kd2 52. Qe2+ Kc1 53. Qe3+ Kc2 54. Bd3+ Kb3 55. Bxg6 1-0

[Event "FRA-chT2A 0506"]
[Site "France"]
[Date "2005.11.19"]
[Round "2.7"]
[White "Sally, Paul Adrien"]
[Black "Petit, Eric Thierry"]
[Result "1-0"]
[WhiteElo "1973"]
[BlackElo "2140"]
[PlyCount "67"]
[EventDate "2005.10.27"]
[EventType "team-tourn"]
[EventRounds "11"]
[EventCountry "FRA"]
[SourceTitle "EXT 2006"]
[Source "ChessBase"]
[SourceDate "2005.11.24"]
[SourceVersion "1"]
[SourceVersionDate "2005.11.24"]
[SourceQuality "1"]
[WhiteTeam "Tours"]
[BlackTeam "Bois Colombes II"]
[WhiteTeamCountry "FRA"]
[BlackTeamCountry "FRA"]

1. e4 d6 2. d4 Nf6 3. Nc3 g6 4. Nf3 Bg7 5. Be2 0-0 6. Bg5 Nbd7 7. Qd2 c6 8. 0-0 Qc7 9. Rad1 b5 10. b4 a6 11. Rfe1 c5 12. Nd5 Nxd5 13. exd5 Nf6 14. dxc5 dxc5 15. Bf4 Qb6 16. Qe3 Nd7 17. Qxe7 cxb4 18. Qxb4 Bb7 19. Be3 Qc7 20. c4 Rfc8 21. d6 Qd8 22. cxb5 Bc3 23. Qb3 Bxe1 24. Rxe1 Qa5 25. Bd2 Qd8 26. Bc4 Qf6 27. bxa6 Bxf3 28. gxf3 Rxc4 29. Qxc4 Ne5 30. Rxe5 Qxe5 31. d7 Qf6 32. Qc8+ Qd8 33. Qxd8+ Rxd8 34. a7 1-0

[Event "FRA-chT2 0304"]
[Site "France"]
[Date "2004.01.17"]
[Round "5"]
[White "Gollain, Marc"]
[Black "Petit, Eric Thierry"]
[Result "1-0"]
[WhiteElo "2186"]
[BlackElo "2169"]
[PlyCount "85"]
[EventDate "2003.10.??"]
[EventType "team"]
[EventRounds "11"]
[EventCountry "FRA"]
[SourceTitle "EXT 2005"]
[Source "ChessBase"]
[SourceDate "2004.11.15"]
[SourceVersion "1"]
[SourceVersionDate "2004.11.15"]
[SourceQuality "1"]

1. e4 d6 2. d4 Nf6 3. Nc3 g6 4. Be3 c6 5. Qd2 b5 6. Bd3 Nbd7 7. Nf3 Ng4 8. Bg5 h6 9. Bh4 Qc7 10. h3 Ngf6 11. 0-0 e5 12. a4 b4 13. Nd1 a5 14. c3 Rb8 15. Ne3 Bg7 16. Rac1 b3 17. dxe5 dxe5 18. Nc4 0-0 19. Nfxe5 Nxe5 20. Nxe5 Nxe4 21. Bxe4 Bxe5 22. Qxh6 Bg7 23. Qg5 Ba6 24. Rfe1 Rbe8 25. Bg3 Qd8 26. Qxd8 Rxd8 27. Bf4 c5 28. Rcd1 Rfe8 29. f3 f5 30. Bd5+ Kh7 31. Rxe8 Rxe8 32. Bxb3 Re2 33. Rd2 Re1+ 34. Kf2 Rf1+ 35. Kg3 c4 36. Bd1 Kg8 37. Rd6 g5 38. Rd8+ Kh7 39. Bxg5 Kg6 40. h4 Be5+ 41. f4 Bc7 42. Rd7 Bb8 43. h5# 1-0

[Event "FRA-chT2 0304"]
[Site "France"]
[Date "2003.12.07"]
[Round "4"]
[White "Petit, Eric Thierry"]
[Black "Matrand, Arnaud"]
[Result "0-1"]
[WhiteElo "2169"]
[BlackElo "2140"]
[PlyCount "138"]
[EventDate "2003.10.??"]
[EventType "team"]
[EventRounds "11"]
[EventCountry "FRA"]
[SourceTitle "EXT 2005"]
[Source "ChessBase"]
[SourceDate "2004.11.15"]
[SourceVersion "1"]
[SourceVersionDate "2004.11.15"]
[SourceQuality "1"]
[WhiteTeam "Bois Colombes"]
[BlackTeam "Le Chesnay"]
[WhiteTeamCountry "FRA"]
[BlackTeamCountry "FRA"]

1. c4 Nf6 2. Nc3 e6 3. e4 d5 4. e5 d4 5. exf6 dxc3 6. bxc3 Qxf6 7. d4 Nd7 8. Nf3 h6 9. Bd3 c5 10. 0-0 Bd6 11. Re1 0-0 12. Qe2 Qd8 13. Ne5 cxd4 14. cxd4 Qh4 15. g3 Qxd4 16. Bb2 Qc5 17. Ng4 h5 18. Ne3 Ne5 19. Bc2 g6 20. Be4 Bd7 21. Rad1 Bc6 22. Bd4 Qa5 23. Ng2 Bb4 24. Rf1 Bc3 25. Nh4 Bxd4 26. Rxd4 Rad8 27. Rxd8 Rxd8 28. Rb1 Qd2 29. Qxd2 Rxd2 30. Bxc6 bxc6 31. f4 Nxc4 32. Rc1 Nb6 33. Rxc6 Rxa2 34. Nf3 Ra1+ 35. Kf2 Rd1 36. Ne5 Nd5 37. Ra6 Rd2+ 38. Kf3 Rxh2 39. Rxa7 Nf6 40. Nxf7 Ng4 41. Ng5 Rf2+ 42. Ke4 Re2+ 43. Kf3 Rf2+ 44. Ke4 Re2+ 45. Kf3 Re3+ 46. Kg2 e5 47. Ra8+ Kg7 48. Ra7+ Kf8 49. Ne6+ Ke8 50. fxe5 Nxe5 51. Nf4 Rb3 52. Rg7 Rb2+ 53. Kf1 Rb6 54. Nd5 Rb1+ 55. Kg2 Rb2+ 56. Kf1 Kf8 57. Rh7 Nf7 58. Nf6 Rb5 59. g4 Ng5 60. Nd7+ Ke8 61. Nf6+ Kd8 62. Rd7+ Kc8 63. Rg7 h4 64. Rxg6 h3 65. Rh6 Rb2 66. Nd5 h2 67. Ne7+ Kd7 68. Nf5 Ne4 69. Ne3 Ng3+ 0-1

[Event "FRA-chT2"]
[Site "France"]
[Date "2002.01.19"]
[Round "5.8"]
[White "Benichou, Laurent"]
[Black "Petit, Eric Thierry"]
[Result "1-0"]
[WhiteElo "2060"]
[BlackElo "2180"]
[PlyCount "77"]
[EventDate "2002.??.??"]
[EventType "team"]
[EventRounds "11"]
[EventCountry "FRA"]
[SourceTitle "EXT 2003"]
[Source "ChessBase"]
[SourceDate "2002.11.25"]
[SourceVersion "1"]
[SourceVersionDate "2002.11.25"]
[SourceQuality "1"]

1. e4 d6 2. d4 Nf6 3. Nc3 g6 4. Nf3 Bg7 5. Be2 0-0 6. 0-0 Bg4 7. Bg5 Nc6 8. d5 Bxf3 9. Bxf3 Ne5 10. Be2 c6 11. Kh1 Rc8 12. f4 Ned7 13. dxc6 bxc6 14. Qd2 Rb8 15. b3 Nc5 16. Bf3 Qc7 17. Rae1 Rbd8 18. Qe3 Ne6 19. Bh4 d5 20. exd5 Nxd5 21. Bxd5 cxd5 22. Nb5 Qb7 23. c4 d4 24. Qe4 Qxe4 25. Rxe4 Rd7 26. Rd1 a6 27. Na3 Re8 28. Bf2 Nc5 29. Ree1 f5 30. Nc2 Ne4 31. Bg1 d3 32. Ne3 e6 33. c5 Bc3 34. Rf1 Rc8 35. Nc4 Nxc5 36. Nb6 Rdc7 37. Nxc8 Rxc8 38. Bxc5 Rxc5 39. Rxd3 1-0

[Event "Torcy op-A"]
[Site "Torcy"]
[Date "1991.??.??"]
[Round "?"]
[White "Kaidanov, Gregory S"]
[Black "Petit, Eric Thierry"]
[Result "1-0"]
[WhiteElo "2540"]
[BlackElo "2245"]
[PlyCount "63"]
[EventDate "1991.04.??"]
[EventType "swiss"]
[EventRounds "9"]
[EventCountry "FRA"]
[SourceTitle "TD"]
[Source "ChessBase"]
[SourceDate "1994.03.01"]
[SourceVersion "1"]
[SourceVersionDate "1994.03.01"]
[SourceQuality "1"]

1. d4 Nf6 2. c4 c5 3. d5 b5 4. cxb5 a6 5. b6 Qxb6 6. Nc3 g6 7. Nf3 d6 8. Nd2 Bg7 9. e4 0-0 10. Be2 Qd8 11. 0-0 Nbd7 12. a4 a5 13. Nc4 Ba6 14. Na3 Bxe2 15. Qxe2 Nb8 16. Bg5 Na6 17. Kh1 Nb4 18. Rad1 Ra7 19. f4 Rd7 20. Nc4 Re8 21. Bh4 h5 22. e5 dxe5 23. fxe5 Nfxd5 24. e6 fxe6 25. Qxe6+ Kh7 26. Ne4 Qc8 27. Ng5+ Kh6 28. Nf7+ Kh7 29. Nce5 Bxe5 30. Nxe5 Rd6 31. Rf7+ Kh6 32. Nf3 1-0

[Event "Paris-ch op"]
[Site "Paris"]
[Date "1991.??.??"]
[Round "6"]
[White "Petit, Eric Thierry"]
[Black "Gantet, Gerard"]
[Result "1-0"]
[WhiteElo "2245"]
[BlackElo "2255"]
[PlyCount "136"]
[EventDate "1991.05.??"]
[EventType "swiss"]
[EventRounds "9"]
[EventCountry "FRA"]
[SourceTitle "TD"]
[Source "ChessBase"]
[SourceDate "1994.03.01"]
[SourceVersion "1"]
[SourceVersionDate "1994.03.01"]
[SourceQuality "1"]

1. e4 Nf6 2. e5 Nd5 3. d4 d6 4. Nf3 Nc6 5. c4 Nb6 6. exd6 exd6 7. Be3 Bg4 8. Nbd2 Be7 9. Be2 d5 10. c5 Nd7 11. 0-0 Bf6 12. Qb3 Ne7 13. h3 Bxf3 14. Bxf3 Rb8 15. Bxd5 0-0 16. Be4 Nc6 17. Nf3 Re8 18. Bd5 Qe7 19. Rfe1 Qf8 20. Rad1 h6 21. Qa4 Ne7 22. Qxd7 Red8 23. Qxc7 Nxd5 24. Qa5 b6 25. cxb6 Rxb6 26. b3 Qd6 27. Qc5 Ra6 28. Qxd6 Rdxd6 29. a4 Rab6 30. Nd2 Rd8 31. Rc1 Nb4 32. Rc4 Nd3 33. Rb1 a5 34. Kf1 Re6 35. Rc3 Nb4 36. Rc5 Bxd4 37. Bxd4 Rxd4 38. Nc4 Nd3 39. Rxa5 Rde4 40. Ne3 g6 41. Rd5 Nb4 42. Rd8+ Kg7 43. Rc1 Nc6 44. Rd7 Ne5 45. Rd5 Rb4 46. Rcc5 Nc6 47. Rb5 Rf4 48. g3 Rff6 49. Kg2 Ne7 50. Re5 Rxe5 51. Rxe5 Nc6 52. Rc5 Nb4 53. Rb5 Nd3 54. f4 Re6 55. Nd5 Re2+ 56. Kf3 Ra2 57. Nb4 Ne1+ 58. Ke4 Re2+ 59. Kd5 Re3 60. a5 Rxb3 61. a6 Ra3 62. Kc6 Nf3 63. Kb7 Nd4 64. Rb6 Ne6 65. Rb5 Nd4 66. Rd5 Ne2 67. a7 Rxa7+ 68. Kxa7 Nxg3 1-0